00394pab a2200133 454500008004500000100001600045245006900061260001400130300001300144362001200157650003600169650002700205773002800232180718b1999-2000 xxu||||| |||| 00| 0 eng d aSidhu, Hina aApplication of Verdoorn's law to the small scale sector in India c1999-2000 ap.104-08 aOct-Dec aIndia - Industries, Small scale aSmall scale industries aIndian Economic Journal